000 00904nam a2200229Ia 4500
003 OSt
005 20250505113623.0
008 191128t2007 ck o er 000 f spa d
020 _a9789586395113
040 _aCO-JMCR
_cCO-JMCR
041 _aspa
082 0 4 _aA-N
_bVALa
100 1 _aVallejo, Virginia,
_eautor
_98236
245 0 _aAmando a Pablo, odiando a Escobar /
_cVirginia Vallejo
250 _aPrimera edición
260 _aBogotá :
_bRandom Hause Mondadori,
_c©2007
300 _a396 páginas :
_bFotagrafias blanco y negro ;
_c22 cm.
500 _aIncluye datos biográficos del autor en solapa.
520 _aEn julio de 2006 un avión de la DEA sacó a Virginia Vallejo de Colombia. Su vida estaba en peligro por haber convertido en testigo clave de dos procesos criminales más importantes de la segunda mitad del siglo XX.
650 1 4 _aNovela colombiana
_98237
942 _2ddc
_cBK
999 _c3737
_d3737